Quizzes
Events
Quiz Creation
Community
Videos
Private Events
Remove Ads
Sign In
Join for FREE
Feedback
Dark Mode
Quiz Categories
Sports
Geography
Music
Movies
Television
Just For Fun
Miscellaneous
History
Literature
Language
Science
Gaming
Entertainment
Religion
Holiday
For Kids
Quiz Lab
Recent
Popular Today
Quiz Kudos Today
Editor Picks
Curator Picks
Quizzes by...
Day
Popularity
Type
Ratings
Length
Year
Community
Subscriptions
Recent Discussions
Orange Saloon
Badges
Playlists
Quests
Create
Leaderboards
Showdown
Live 5
Trivia Bingo
Activity
Puzzle Library
Sporcle Events
Private Events
Virtual Trivia
Globe League
Become a Host
Pub Owners
SporcleCon
Opinionation
Our Games
Videos
Blog
Mobile Apps
Partnerships
Remove Ads and Go Orange
Feedback
Miscellaneous
Crossword
General Knowledge
Baby Names
Logo
Food
Cars
Numbers
Grab Bag
University
College
Popular
Company
Slogans
Restaurants
Justice
Letter
Miscellaneous
Crossword
General Knowledge
Baby Names
Logo
Food
Cars
Numbers
Grab Bag
University
College
Popular
Company
Slogans
Restaurants
Justice
Letter
Random Quiz
Search Sporcle
×
Quiz Lab
Quiz Lab
Miscellaneous
Type in answers that appear in a list
Type in answers that appear in a list
Classic
Best Score? Go Orange.
The 'W' Game Stats
Can you name the The 'W' Game?
By
hlgaa26
10m
32 Questions
804 Plays
804 Plays
804 Plays
Comments
Comments
Give Quiz Kudos
Give Quiz Kudos
-
- Ratings
hide this ad
Replay
Link that replays current quiz
Next Quiz
Link to next quiz in quiz playlist
You Got
0%
They Got
Avg Score
29%
Avg Friend Score
Upgrade to see
Score Distribution
Jump to the score distribution portion of the page
Score
0/32
Timer
10:00
0
Plays Today
Hint
Answer
% Correct
US Presidents
George Washington
79%
American Fast Food Restaurants
Wendy's
74.1%
US Presidents
Woodrow Wilson
73.8%
Oscar Best Actor/
Actress
Denzel Washington
73.6%
Most Common Surnames
Wilson
71%
Most Common Surnames
Williams
59.7%
World Capitals
Warsaw, Poland
48.4%
Big 4 Sports Teams
Washington Wizards
47.8%
World Capitals
Washington D.C.
46.9%
Most Common Surnames
White
45.8%
English Prepositions
with
44.9%
English Prepositions
without
32.1%
World Capitals
Wellington, New Zealand
25.7%
Big 4 Sports Teams
Minnesota Wild
24.1%
Big 4 Sports Teams
Chicago White Sox
22.5%
Most Common Surnames
Wood
22.5%
Hint
Answer
% Correct
English Prepositions
within
18%
American Fast Food Restaurants
White Castle
15%
Dow Jones Companies
Wal-Mart Stores Inc.
14.8%
Oscar Best Actor/
Actress
John Wayne
12.3%
Most Common Surnames
Walker
11.3%
Oscar Best Actor/
Actress
Joanne Woodward
7.3%
World Capitals
Windhoek. Namibia
6.3%
Oscar Best Actor/
Actress
Kate Winslet
6%
Dow Jones Companies
Walt Disney Comapny
5%
Oscar Best Actor/
Actress
Reese Witherspoon
3.9%
Big 4 Sports Teams
Golden State Warriors
3.6%
American Fast Food Restaurants
Waffle House
2.5%
Oscar Best Actor/
Actress
Forest Whitaker
2%
American Fast Food Restaurants
Wetzel's Pretels
2%
Oscar Best Actor/
Actress
Jane Wyman
1.2%
American Fast Food Restaurants
WingStreet
0.2%
Quiz Playlist
Details
Report
Send in Message
Add To Playlist
Classic:
Type in answers that appear in a list
Last Updated: Feb 16, 2017
Quiz Scoreboard
CHALLENGE
Sign Up to Join the Scoreboard
Show All
Scores
Hide
Comments
May contain spoilers
Recently Published
9x9 Crossword: Cartoon Network
by jackfrog10
Miscellaneous
3m
College Basketball Coaching Resumes
by pancakes188
Sports
9m
Billboard Blitz: Fleetwood Mac
by CooCooCachoo
Music
15s
More to Explore
Quiz From the Vault
Featured Blog Post
Where Did the Easter Bunny Come From?
hide this ad
You Might Also Like...
Tags
This quiz does not have any tags.
Today's Top Quizzes in Miscellaneous
Browse Miscellaneous
hide this ad
Top Contributed Quizzes in Miscellaneous
1
5-to-1: Fast Food
2
The JOE quick-fire general knowledge quiz: Day 174
3
The JOE quick-fire general knowledge quiz: Day 173
4
5-to-1: Cocktails
5
The JOE quick-fire general knowledge quiz: Day 172
6
Sunday Crossword: Famous Bodies of Water
7
The JOE quick-fire general knowledge quiz: Day 171
8
One Thing in Common: United Kingdom II
9
Named After an Animal - Odd One Out!
10
The JOE quick-fire quiz: Day 170
Explore More
Trending Topics
Marvel
Kpop
Disney
Anime
Harry Potter
NBA
Crossword
The Office
WWE
Country
NFL
Song
Puzzle
Soccer
Pokémon
hide this ad
More By:
hlgaa26
Quiz
Plays
Rating
Category
Featured
Created
Can you name that NFL player?
8,992
3.53
Sports
Nov 15, 2009
Starting XI for 2000's CL Winners
1,681
3.89
Sports
Jan 1, 2010
Buffalo Bills All Time Records
675
3.00
Sports
Oct 31, 2009
Can You Name That NFL Player? 2nd Edition
504
3.38
Sports
Nov 22, 2009
Coaches in the NFL Hall of Fame
490
4.00
Sports
Nov 14, 2009
Go to Creator's Profile
Score Distribution
Quiz Creator Spotlight
hlgaa26
Follow
Send a Message
Quizzes Created
-
Created Quiz Play Count
-
More By This Creator
Popular Quizzes Today
1
Find the US States - No Outlines Minefield
2
Find the Countries of Europe - No Outlines Minefield
3
The Countries of the World
4
Find the US States
5
Risky Map Clicking: Biggest States A-Z
6
US States
7
Popular People in 1961
8
Movies - When Are They Set?
More Miscellaneous Quizzes
Four-Letter Things
Published
Trending Quizzes
Risky Map Clicking: Least Populous States A-Z
1-10 Letter G Words
1-10 Letter F Words
Risky Map Clicking: Next State Alphabetically
Adjectives in 80s TV Shows
Recently Updated
Leaping Animals
pecheneg
Reality TV Shows (A-Z)
bhenderson79
Rickey Henderson's Hall of Fame Teammates
pecheneg
Champions League XIs: Arsenal
pecheneg
Quick Pick: Celebrities in WWE's Hall of Fame
aduchscher
A-Z Keypad Blitz II
pecheneg
Multiple Oscar Actors
pecheneg
Mystery Phrase Blitz: Oscar 'Best Actors'
pecheneg
F. Scott Fitzgerald Novels
LTH
Pick 3 Villains
ddd62291
Trending Topics
Anime
Kpop
Marvel
Disney
Harry Potter
Crossword
NBA
Soccer
NFL
Puzzle
Country
WWE
The Office
Song
Pokémon
Your Account Isn't Verified!
In order to create a playlist on Sporcle, you need to verify the email address you used during registration. Go to your
Sporcle Settings
to finish the process.
Report this User
Report this user for behavior that violates our
Community Guidelines
.
Details:
Send Report
Go to the Sporcle.com Mobile Site →
Comments